000 00582nam a2200205Ia 4500
003 LDD
008 181029s9999 xx 000 0 und d
020 _a9780826198129
_c
_125.00
040 _cLDD
100 _aFitzpatrick, Joyce J.
245 0 _aEncyclopedia of nursing research
_cJoyce J. Fitzpatrick
250 _a2nd ed.
260 _aNew York
_bSpringer
_c2006
300 _axxxvi, 795
365 _b
_125.00
901 _a3730
_b25-01-2007
902 _a8108
_b10-02-2007
_cF
_dAHUJA
_e61
903 _aDiscount-10
_bReqst by : Ruchika Kuba
942 _2ddc
_cBK
999 _c77821
_d77821